Countries named by capitals Quiz Stats

 Plays Quiz not verified by Sporcle

Challenge
Share
Tweet
Embed
Score 0/12 Timer 04:00
0 Plays Today
% Correct
Mexico
86.5%
Panama
73%
Monaco
70.3%
Luxembourg
66.9%
San marino
66.2%
Andorra
62.8%
Kuwait
55.4%
Singapore
50.7%
Djibouti
50%
Vatican
39.2%
Guatemala
37.2%
Sao tome
31.1%

You're not logged in!

Compare scores with friends on all Sporcle quizzes.
Join for Free
OR
Log In

You Might Also Like...

Show Comments

Extras

Created Jul 14, 2010ReportNominate
Tags:Capital Quiz, Country Quiz, name, same

Top Quizzes Today


Score Distribution

Your Account Isn't Verified!

In order to create a playlist on Sporcle, you need to verify the email address you used during registration. Go to your Sporcle Settings to finish the process.

Report this User

Report this user for behavior that violates our Community Guidelines.

Details: